Report on the census of the Bechuanaland Protectorate, 1964. (Record no. 63449)
[ view plain ]
| 000 -LEADER | |
|---|---|
| fixed length control field | 00607cam7a220019300 4500 |
| 001 - CONTROL NUMBER | |
| control field | tmp15423247 |
| 003 - CONTROL NUMBER IDENTIFIER | |
| control field | UPRA |
| 005 - DATE AND TIME OF LATEST TRANSACTION | |
| control field | 20190815101848.0 |
| 008 - FIXED-LENGTH DATA ELEMENTS--GENERAL INFORMATION | |
| fixed length control field | 950811s1964 mbc eng u |
| 035 ## - SYSTEM CONTROL NUMBER | |
| System control number | (Sirsi) r33217 |
| 035 ## - SYSTEM CONTROL NUMBER | |
| System control number | (UPRA)tmp15423247 |
| 040 ## - CATALOGING SOURCE | |
| Transcribing agency | UPRA |
| 110 1# - MAIN ENTRY--CORPORATE NAME | |
| Corporate name or jurisdiction name as entry element | Bechuanaland Protectorate. |
| Linkage | A96340.1 |
| 245 10 - TITLE STATEMENT | |
| Title | Report on the census of the Bechuanaland Protectorate, 1964. |
| 260 ## - PUBLICATION, DISTRIBUTION, ETC. | |
| Place of publication, distribution, etc. | [Mafeking, South Africa?] , |
| Date of publication, distribution, etc. | [1965] |
| 651 #0 - SUBJECT ADDED ENTRY--GEOGRAPHIC NAME | |
| Geographic name | Botswana -- Census 1964. |
| Chronological subdivision | Botswana -- Census 1964. |
| Linkage | S70097.1 |
| 949 ## - LOCAL PROCESSING INFORMATION (OCLC) | |
| a | HA2275 |
| w | lcc |
| i | 33729005800805 |
| m | MAIN |
| t | BOOK |
| l | ON-SHELF |
No items available.